000 00994cam a2200289 i 4500
001 15716331
003 EG-ScBUE
005 20260505090340.0
008 090428t2010 mau f 001 0 eng d
020 _a9780123750785 (pbk. : alk. paper)
040 _aDLC
_beng
_erda
_cDLC
_dEG-ScBUE
082 0 4 _a006.696
_222
_bCOM
245 0 0 _aComputer animation complete :
_ball-in-one : learn motion capture, characteristic, point-based, and Maya, winning techniques /
_cRick Parent [and eighteenth others]
264 1 _aBurlington, MA :
_bElsevier,
_c[2010]
264 4 _cc2010
300 _a526 pages :
_billustrations ;
_c24 cm
336 _2rdacontent
_atext
_btxt
337 _2rdamedia
_aunmediated
_bn
338 _2rdacarrier
_avolume
_bnc
500 _aIncludes Index.
630 0 7 _aMaya (Computer file)
_2BUEsh
_911248
650 7 _aComputer animation.
_2BUEsh
_911249
653 _cMay2026
_bART
655 _vReading book
700 1 _911250
_aParent, Rick,
_eauthor.
942 _2ddc
_cBB
999 _c13355
_d13355